| 000 | 00848nab a2200253 u 4500 | ||
|---|---|---|---|
| 001 | 15108 | ||
| 003 | HDC | ||
| 007 | cr bn ---aaaaa | ||
| 008 | 210217c my dr|nes 0 |0eng | ||
| 040 | _aHDC | ||
| 100 |
_aEbdon, Noel, _eauthor _915431 |
||
| 245 | 0 |
_aReport: Middle East faces food insecurity / _cby Noel Ebdon |
|
| 260 |
_aU.K. : _bWilliam Reed Business Media Ltd, _c2013 |
||
| 336 |
_atext _2rdacontent |
||
| 337 |
_acomputer _2rdamedia |
||
| 338 |
_aonline resource _2rdacarrier |
||
| 650 |
_aFood security _94086 |
||
| 650 |
_aPolitical instability _915432 |
||
| 710 | _aFood Navigator Asia | ||
| 856 | _zRequest full-text at [email protected] | ||
| 942 | _2lcc | ||
| 942 | _cNEWS | ||
| 942 | _kNWSO 004613 | ||
| 999 |
_c12424 _d12424 |
||